"The Best Marketing Is Education" Jsou zákazníci přístupní vzdělávacímu obsahu aneb edukační marketing v datech
Prierezová analýza založená na údajoch z longitudinálneho výskumu Median MML-TGI poskytuje zaujímavé zistenia o potenciáli marketingu založeného na vzdelávaní, ako aj identifikácii sociodemografických segmentov spotrebiteľov vhodných na cielenie vzdelávacieho obsahu a relevantných marketingových akt...
Na minha lista:
| Autor principal: | |
|---|---|
| Formato: | Capítulo de Livro |
| Idioma: | tcheco |
| Assuntos: | |
| Tags: |
Sem tags, seja o primeiro a adicionar uma tag!
|
MARC
| LEADER | 00000naa a2200000 4500 | ||
|---|---|---|---|
| 001 | 0289585 | ||
| 005 | 20240417075222.4 | ||
| 041 | 0 | |a cze | |
| 044 | |a CZ | ||
| 245 | 1 | 0 | |a "The Best Marketing Is Education" Jsou zákazníci přístupní vzdělávacímu obsahu aneb edukační marketing v datech |c Ladislava Knihová |
| 520 | |a Prierezová analýza založená na údajoch z longitudinálneho výskumu Median MML-TGI poskytuje zaujímavé zistenia o potenciáli marketingu založeného na vzdelávaní, ako aj identifikácii sociodemografických segmentov spotrebiteľov vhodných na cielenie vzdelávacieho obsahu a relevantných marketingových aktivít. | ||
| 610 | 2 | 0 | |a zákazníci |
| 610 | 2 | 0 | |a reklama |
| 610 | 2 | 0 | |a marketing |
| 610 | 2 | 0 | |a vzdelávanie |
| 100 | 1 | |a Knihová, Ladislava | |